| 000 | 00695nam a22002055i 4500 | ||
|---|---|---|---|
| 001 | 68808 | ||
| 003 | ES-MaACL | ||
| 005 | 20250930063059.0 | ||
| 007 | t| | ||
| 008 | 960829s1900 sp ||||1| spa d | ||
| 040 |
_aCAM _bspa _cCAM |
||
| 100 | 1 |
_aGiol y Soldevilla, Isidro, _d1823-1877 _957156 |
|
| 245 | 1 | 0 |
_aCurso elemental de topografía / _cpor Isidro Giol y Soldevilla y José Goyanes y Soldevilla. |
| 250 | _a8ª ed. corr. y notablemente aum. | ||
| 260 |
_aMadrid : _bLibrería de Hernando y compañía, _c1900. |
||
| 300 |
_aXV, [1], 339, [17] h. pleg. ; _c22 cm. |
||
| 700 | 1 |
_aGoyanes y Soldevilla, José. _959404 |
|
| 852 |
_aES-MaACL _jG-5368 |
||
| 999 |
_c68808 _d68808 |
||